000 00903nam a2200265Ia 4500
003 OSt
005 20221005103849.0
006 a|||||r|||| 00| 0
007 ta
008 221004b |||||||| |||| 00| 0 hin d
020 _c375
024 _a90065
037 _b467, 19/03/2008, University Book House
_cTextual
040 _aCRL
_cCRL
_bhin
041 _2hin
_ahin
082 _aO152,3M80,NI, P6
100 _aप्रेमचन्द
245 0 _aनिर्मला
246 _aNirmalā
260 _aदिल्ली
_bएजूकेशनल सप्लायर्स एण्ड टेडर्स भारत
_c2006
300 _a128पृ0
_ccm.
650 _aहिन्दी साहित्य
942 _hO152,3M80,NI, P6
_cTEXL
_2cc
999 _c1011115
_d1011115